Návrh rekonštrukcie zdroja chladu pre hotelový komplex s využitím kondenzačného tepla

Na minha lista:
Detalhes bibliográficos
Autor principal: Lamparský, Daniel (Author)
Outros Autores: Mlynár, Peter (Thesis advisor)
Formato: Manuscrito Livro
Idioma:eslovaco
Publicado em: 2022
Assuntos:
Acesso em linha:http://is.stuba.sk/zp/portal_zp.pl?podrobnosti=164953
Tags: Adicionar Tag
Sem tags, seja o primeiro a adicionar uma tag!

MARC

LEADER 00000ntm a22000003a 4500
001 stuzp90184
003 SK-STU
005 20220611213415.6
007 ta
008 150427s2015----xo-----f-mn---000-0-slo-d
040 |a STU  |b slo 
041 0 |a slo 
100 1 |a Lamparský, Daniel  |u 020060  |k Z4  |4 aut  |U SjF Strojnícka fakulta  |T SjF Ústav energetických strojov a zariadení  |X 81368  |U J0060  |Y 805  |7 81368 
242 0 1 |a Reconstruction design of central air condition unit for a hotel complex with utilisation of condensing heat  |y eng 
245 1 0 |a Návrh rekonštrukcie zdroja chladu pre hotelový komplex s využitím kondenzačného tepla 
260 |c 2022 
650 4 |a akumulačná nádoba  |2 slo 
650 4 |a expanzná nádoba  |2 slo 
650 4 |a zdroj chladu  |2 slo 
650 4 |a rekuperácia tepla  |2 slo 
650 4 |a chladivo  |2 slo 
650 4 |a obehové čerpadlo  |2 slo 
650 4 |a heat recovery  |2 eng 
650 4 |a refrigerant  |2 eng 
650 4 |a expansion tank  |2 eng 
650 4 |a circulating pump  |2 eng 
650 4 |a storage tank  |2 eng 
650 4 |a cold source  |2 eng 
700 1 |a Mlynár, Peter  |u 020060  |k Z1  |4 ths  |U SjF Strojnícka fakulta  |T SjF Ústav energetických strojov a zariadení  |X 13110  |U J0060  |Y 805  |7 A000013110 
856 4 |u http://is.stuba.sk/zp/portal_zp.pl?podrobnosti=164953